| 000 | 00523nam a22001337a 4500 | ||
|---|---|---|---|
| 040 | _cRUA | ||
| 082 | _aAGI NAI B512 2015 Or.1 | ||
| 100 | _aNAI RATHANA; ណៃ រតនា | ||
| 245 | _aDifferential Absorbance(DA)Non-Invasive Quality Evalution Using Differential Absorbance On Tomato; ការវាយតម្លៃគុណភាពដោយការប្រើប្រាស់ឧបករណ៍ | ||
| 260 |
_aPhnom Penh _bRUA _c2015 |
||
| 300 |
_aix; 44p; _bill; _c29cm; |
||
| 856 | _uNAI RATHANA | ||
| 942 | _cAGI | ||
| 999 |
_c10379 _d10379 |
||